La pérdida de la chance como daño indemnizable

Kaydedildi:
Detaylı Bibliyografya
Yazar: Quivira Passalacqua, Mónica (Yazar)
Materyal Türü: Kitap
Dil:İspanyolca
Baskı/Yayın Bilgisi: Santiago Círculo Legal Editores 2013
Seri Bilgileri:Monografías
Konular:
Etiketler: Etiketle
Etiket eklenmemiş, İlk siz ekleyin!

MARC

LEADER 00000cam a2200000 a 4500
001 UCF9268
003 CL-VaPUC
008 131111e20130000cl |||||||||||||||||spa|d
020 |a 9789568396084 
082 0 4 |a 364.8  |b QUI  |2 21 
100 0 |a Quivira Passalacqua, Mónica  |e author  |9 571545 
245 1 3 |a La pérdida de la chance como daño indemnizable 
300 |a 201 p 
942 |c BK 
945 |d 20131111 15:03:00  |a dcastane 
260 |a Santiago  |b Círculo Legal Editores  |c 2013 
650 7 |a DAÑOS Y PERJUICIOS  |2 CL-VaPUC  |9 571546 
650 0 |a Indemnización  |9 371892 
650 7 |a INDEMNIZACION JUDICIAL  |2 CL-VaPUC  |9 255593 
583 |a last modification  |c 20131111 15:03:00  |k Rodrigo Vera 
490 0 |a Monografías 
999 |c 353741  |d 353739 
952 |0 0  |1 0  |3 erb  |4 0  |6 364_800000000000000_QUI_2013  |7 0  |8 A  |9 459115  |a BIBDER  |b BIBDER  |d 2019-11-23  |i 5025419  |o 364.8 QUI 2013  |p 5025419  |r 2023-01-25  |w 2019-11-23  |y BK  |z Catalogado en:20131111  |k DER